[Event "Scarborough CC Spring Into Summer U1700"]
[Site "Toronto"]
[Date "2011.05.19"]
[Round "3"]
[White "Thanabalachandran, Luxiga"]
[Black "Gandhi, Vishwa"]
[Result "0-1"]
[WhiteElo "838"]
[BlackElo "1055"]
[PlyCount "94"]
[EventDate "2011.04.28"]
[EventType "swiss"]
[EventRounds "9"]
[EventCountry "CAN"]
[SourceTitle "EXT 2022"]
[Source "ChessBase"]
[SourceDate "2021.10.06"]
[SourceVersion "1"]
[SourceVersionDate "2021.10.06"]
[SourceQuality "1"]

1. e4 e5 2. Nf3 d6 3. Nc3 c6 4. Bc4 h6 5. d3 Nf6 6. 0-0 Be7 7. h3 0-0 8. d4 exd4 9. Nxd4 a6 10. Nf3 b5 11. Bb3 c5 12. Bd5 Nxd5 13. Nxd5 Bb7 14. Bf4 Re8 15. b3 Bf8 16. Re1 g5 17. Bg3 Bg7 18. e5 Bxd5 19. Qxd5 Ra7 20. Rad1 Rae7 21. exd6 Rxe1+ 22. Rxe1 Rxe1+ 23. Nxe1 Bc3 24. Nf3 Nd7 25. Ne5 Bxe5 26. Bxe5 Kf8 27. c4 f6 28. Bg3 h5 29. h4 bxc4 30. Qxc4 gxh4 31. Bxh4 Qa5 32. a4 Ne5 33. Qe6 Qe1+ 34. Kh2 Ng4+ 35. Qxg4 hxg4 36. d7 Qe7 37. Kg3 Qxd7 38. f3 gxf3 39. Kxf3 Qf5+ 40. Kg3 Kf7 41. Kh2 Qf4+ 42. g3 Qb4 43. g4 Qxg4 44. Bf2 f5 45. Bxc5 f4 46. Bf2 f3 47. b4 Qg2# 0-1

[Event "Scarborough CC Falling Leaves U1700"]
[Site "Toronto"]
[Date "2010.11.11"]
[Round "3"]
[White "Xiao, Jerry"]
[Black "Gandhi, Vishwa"]
[Result "0-1"]
[WhiteElo "888"]
[BlackElo "962"]
[PlyCount "40"]
[EventDate "2010.10.28"]
[EventType "swiss"]
[EventRounds "7"]
[EventCountry "CAN"]
[SourceTitle "EXT 2022"]
[Source "ChessBase"]
[SourceDate "2021.10.06"]
[SourceVersion "1"]
[SourceVersionDate "2021.10.06"]
[SourceQuality "1"]

1. e4 e5 2. Nf3 Nc6 3. Bd3 Nf6 4. Nc3 Bc5 5. Bc4 Ng4 6. d4 exd4 7. Ne2 d3 8. cxd3 Nxf2 9. Qb3 Nxh1 10. Bg5 f6 11. Bf7+ Kf8 12. Be3 Bxe3 13. d4 Bf2+ 14. Kf1 Na5 15. Qd5 c6 16. Qd6+ Kxf7 17. e5 Nc4 18. e6+ Ke8 19. exd7+ Qxd7 20. Qc5 Ne3# 0-1